Operatívne riadenie výroby vo vybranom podniku bakalárska práca

Guardado en:
Detalles Bibliográficos
Autor principal: Budai, Štefan
Autor Corporativo: Podnikovohospodárska fakulta EU so sídlom v Košiciach. Katedra manažmentu
Otros Autores: Dubovická, Lenka
Formato: Libro
Lenguaje:eslovaco
Publicado: Košice 2011
Etiquetas: Agregar Etiqueta
Sin Etiquetas, Sea el primero en etiquetar este registro!

MARC

LEADER 00000nbm a2200000 4500
001 0139389
005 20161109111619.5
041 0 |a slo 
044 |a SK 
245 1 0 |a Operatívne riadenie výroby vo vybranom podniku  |b bakalárska práca  |c Štefan Budai ; školiteľ: Lenka Dubovická 
264 1 |a Košice  |c 2011 
300 |a 44 s. 
100 1 |a Budai, Štefan 
700 1 |a Dubovická, Lenka 
710 2 |a Podnikovohospodárska fakulta EU so sídlom v Košiciach. Katedra manažmentu